José ingenieros. las fuerzas morales (fotocopia) /

Guardado en:
Formato: Libro
Publicado: : , 0
Materias:
Fc
Etiquetas: Agregar Etiqueta
Sin Etiquetas, Sea el primero en etiquetar este registro!
LEADER 00355nam a22001335a 4500
001 CEM.cems007712
005 20060214000000.0
008 130507b######################000#0#####d
003 CEMS
082 0 4 |a F170 
245 0 0 |a José ingenieros. las fuerzas morales (fotocopia) / 
260 |a  :  |b , 0 
653 |a Fc 
859 |a CEMS  |b BIB. CEMS - 11 de abril  |h F170  |i 3  |p 48.44  |t Ej.1